Improvements and development in the public service 1990

Bibliographic Details
Corporate Author: MALAYSIA
Other Authors: AHMAD Sarji bin Abdul Hamid 1938-
Format: Book
Published: [Kuala Lumpur : Percetakan Nasional Malaysia , 1991]
Subjects:

MARC

LEADER 00000cam a2200000 7i4500
001 0000000572
005 20000909.0
090 0 0 |a 354.595006   |b MAL 1991 
110 1 0 |a MALAYSIA   |c Ketua Setiausaha Negara 
245 1 0 |a Improvements and development in the public service 1990 
260 0 0 |a [Kuala Lumpur :   |b Percetakan Nasional Malaysia ,   |c 1991] 
300 |a x, 295 p. :   |b ill. ;   |c 24 cm. 
500 0 0 |a Also published in Malay 
650 0 0 |a Administrative agencies   |z Malaysia   |x Management 
650 0 0 |a Civil service   |z Malaysia 
650 0 0 |a Public administration   |z Malaysia 
651 0 0 |a Malaysia   |x Politics and government 
700 0 1 |a AHMAD Sarji bin Abdul Hamid   |f Tan Sri Dato' Seri ,   |c 1938- 
999 |a 0000000034   |b Monograph   |c Open Shelf   |e Default branch 
999 |a 0000001695   |b Monograph   |c Open Shelf   |e Default branch